000 00606nam a2200241Ia 4500
003 OSt
005 20221007094806.0
006 a|||||r|||| 00| 0
007 ta
008 221006b |||||||| |||| 00| 0 eng d
024 _a69
037 _cTextual
040 _aLCO
_cLCO
_beng
041 _2eng
_aeng
082 _aZv2,N, N5
100 _aBhalla S.L.
245 0 _aElements of Indian Legal System
260 _aDelhi
_bDocta Shelf
_c1995
300 _a112
650 _aINDIAN LEGAL SYSTEM
_9681430
942 _hZv2,N, N5
_cTEXL
999 _c1169632
_d1169632